KOHA-Header-6

Marketing Strategy planning and implementation (Record no. 8404)

000 -LEADER
fixed length control field 00256nam a2200109Ia 4500
020 ## - INTERNATIONAL STANDARD BOOK NUMBER
ISBN 978-0256090055
100 ## - MAIN ENTRY--AUTHOR NAME
Personal name Walker Boyd
245 #0 - TITLE STATEMENT
Title Marketing Strategy planning and implementation
260 ## - PUBLICATION, DISTRIBUTION, ETC. (IMPRINT)
Place of publication USA
Name of publisher McGraw Hill
Year of publication 1994
300 ## - PHYSICAL DESCRIPTION
Number of Pages 521
942 ## - ADDED ENTRY ELEMENTS (KOHA)
Koha item type Books
Holdings
Withdrawn status Lost status Collection code Permanent Location Current Location Shelving location Date acquired Full call number Accession Number Koha item type
    Marketing MAJU MAJU   2019-09-14 005.15 3097 Marketing

Powered by Koha